00681nam a2200169Ia 4500008004100000082001600041100001900057245004000076250000800116260004100124300000800165650001500173942001200188999001500200952014800215952014800363191201s2006 xx 000 0 und d a677.66bJOI aJOHNSON, Henry 0aIntroduction to Knitting Technology a1st aN.DelhibAbhishek Publicationsc2006 a200 aB.Tech(TE) 2ddccBK c2528d2528 00102ddc40708BTECHTEaPIETbPIETd2007-01-17eAbhishek Publicationsg495.00k7984l0o677.66 JOIp5324r2019-12-04 00:00:00w2006-02-09yBK 00102ddc40708BTECHTEaPIETbPIETd2007-01-17eAbhishek Publicationsg495.00k7984l0o677.66 JOIp5325r2019-12-04 00:00:00w2006-02-09yBK